000 00562cam a2200157 4500
001 WS114126
008 010814n 000 0 eng u
035 _a(Sirsi) u114126
245 _aFarm Direct
520 _aFree site which aims to be a place where farmers and growers can publish details of what they have for sale. Includes a regional directory of suppliers.
650 _aFARM PRODUCE
650 _aFARMING
690 _aRural
_96268
856 4 0 _uhttps://www.farm-direct.co.uk
_zView the website free of charge at www.farm-direct.co.uk...
942 _n0
999 _c119832
_d119832